000 00227nam a2200097Ia 4500
005 20251222114354.0
008 251222s1900||||xx |||||||||||||| ||spa||
082 _aDVD0120/L21.1/2004
245 0 _aGreat Opera Singers:
942 _cDVD
999 _c1365
_d1365